000 00659nam a2200241Ia 4500
003 OSt
005 20220928112556.0
006 a|||||r|||| 00| 0
007 ta
008 220927b |||||||| |||| 00| 0 eng d
024 _a49716
037 _cTextual
040 _aSDCL
_cSDCL
_beng
041 _2eng
_aeng
082 _aR3xL24,OP, N3
100 _aKant Immanuel
_9392645
245 0 _aOpus postumum.
260 _aCambridge
_bCambridge University Press
_c1993
300 _alvii,301p.
_ccm.
700 _a Forster Eckart
_9428861
942 _hR3xL24,OP, N3
_cTEXL
_2CC
999 _c745358
_d745358